| 000 | 01230nam a2200397 c 4500 | ||
|---|---|---|---|
| 001 | 48399 | ||
| 003 | ES-MaCES | ||
| 005 | 20161020115948.0 | ||
| 008 | 161019s2006 sp 000 | spa d | ||
| 017 |
_aB 16261-2016 _bDL |
||
| 020 | _a9788416572410 | ||
| 040 |
_aES-MaCES _bspa _cES-MaCES |
||
| 100 | 1 |
_aFinocchio, Silvia _937427 |
|
| 245 | 1 | 0 |
_aDiversos mundos en el mundo de la escuela _cSilvia Finocchio, Denise Najmanovich, Mark Warschauer |
| 250 | _a1ª ed | ||
| 260 |
_aBarcelona _bGedisa _c2016 |
||
| 300 |
_a234 p. _c23 cm |
||
| 490 | 1 |
_aEducación en el Siglo XXI _v1 |
|
| 504 | _aBibliografía | ||
| 541 | _cCompra | ||
| 650 | 4 |
_aescuela _927427 |
|
| 650 | 4 |
_asistema educativo _927375 |
|
| 650 | 4 |
_apolítica educativa _927373 |
|
| 650 | 4 |
_atecnología de la información _930104 |
|
| 650 | 4 |
_aeducación comparada _927396 |
|
| 650 | 4 |
_ainvestigación pedagógica _927400 |
|
| 650 | 4 |
_aAmérica Latina _926882 |
|
| 650 | 4 |
_aEstados Unidos _928373 |
|
| 650 | 4 |
_aestudio de casos _928846 |
|
| 653 | 1 | 0 | _aEducación |
| 700 | 1 |
_937428 _aNajmanovich, Denise |
|
| 700 | 1 |
_937429 _aWarschauer, Mark |
|
| 830 | 0 |
_aEducación en el Siglo XXI _937419 |
|
| 902 | _aLIB Libro | ||
| 942 |
_2CES _cBK _h4.0. |
||
| 999 |
_c48399 _d48399 |
||